000 00648nam a22002417a 4500
001 BR7375343
003 BR-BrBNA
005 20230928084419.0
007 ta
008 230509b bl.||||| |||| 00| 0 por d
040 _aBR-BrBNA
_bpor
_cBiblioteca Nacional de Agricultura
041 _a(Por)
072 _aE10
_b/G514
090 _ E10 BR7375343
100 1 _aMoletta, P.C.
245 1 _aAspectos do credito rural no Brasil
260 3 _aRecife, PE (Brasil):
_bCentro Sulamericano de Credito Agricola,
_c1958.
300 _a27 p.
500 _a5 tables
650 _aCREDITO RURAL
909 _a202309
_bLucia
_c55
_dLucia Elande
942 _cBK
999 _c18788
_d18788